| 000 | 00770cam a2200205 4500 | ||
|---|---|---|---|
| 001 | WB3811-11 | ||
| 008 | 020319n2002 000 0 eng u | ||
| 035 | _a(Sirsi) u117172 | ||
| 245 | _aMRICS relaunch | ||
| 260 | _c2002 | ||
| 490 |
_aAssessor News _v7 March 2002, 1(1) |
||
| 520 | _aThe MRICS re-launch proposed for introduction in September 2002 comprises four key areas: a review of APC competencies; measures to increase international recognition for the RICS qualification; the proposed Certificate in Management Studies (CMS) business qualification; and compulsory web-based CPD recording. | ||
| 590 | _aWB | ||
| 650 | _aRICS | ||
| 650 | _aPROFESSIONAL QUALIFICATIONS | ||
| 650 | _aCPD | ||
| 650 |
_aAPC _96216 |
||
| 690 | _aEDUCATION-APC | ||
| 942 | _n0 | ||
| 999 |
_c69810 _d69810 |
||